First Ladies of the US: Sudden Death - Statistics

General Stats
  • This quiz has been taken 365 times
  • The average score is 13 of 26
Answers on the Grid
Answers color-coded by a green-red scale on the quiz's grid according to % correct below.
Abigail Adams
Josephine Adams
Louisa Adams
Laura Bush
Grace Nixon
Florence Harding
Deborah Franklin
Martha Curtis Buchanan
Barbara Bush
Jane Pierce
Susan Todd Lincoln
Eliza Johnson
Jill Biden
Jenna Bush
Elizabeth Monroe
Betty Ford
Angela Calhoun
Sarah Polk
Catherine Madison
Lou Hoover
Lucretia Garfield
Lucy Hayes
Ellen Hamilton
Helen Taft
Angelica Van Buren
Ida McKinley
Hazel Jenkins
Hillary Clinton
Anna Harrison
Frances Cleveland
Edith Roosevelt
Eleanor Roosevelt
Emily Johnson
Michelle Obama
Varina Davis
Harriet Lane
Patricia Truman
Julia Grant
Caroline Harrison
Ivanka Trump
 
Answer Stats
Answer % Correct
Laura Bush
85%
Abigail Adams
83%
Barbara Bush
78%
Jill Biden
77%
Betty Ford
72%
Eleanor Roosevelt
72%
Hillary Clinton
70%
Michelle Obama
70%
Florence Harding
55%
Ida McKinley
48%
Lucretia Garfield
48%
Sarah Polk
48%
Lou Hoover
47%
Louisa Adams
45%
Julia Grant
44%
Lucy Hayes
44%
Frances Cleveland
40%
Helen Taft
38%
Edith Roosevelt
36%
Jane Pierce
36%
Angelica Van Buren
35%
Eliza Johnson
35%
Caroline Harrison
32%
Elizabeth Monroe
32%
Anna Harrison
31%
Harriet Lane
26%
No matching quizzes found
Score Distribution
Percent of People with Each Score
Percentile by Number Answered
Your Score History
You have not taken this quiz